| 000 | 01052nam a2200277 a 4500 | ||
|---|---|---|---|
| 001 | 000041031 | ||
| 003 | DO-SdBNP | ||
| 005 | 20250409132931.0 | ||
| 008 | 100810s1996 sp a 000 0 spa d | ||
| 020 | _a8400070275 (v.19 | ||
| 020 | _a8472326365 (v.2) | ||
| 020 | _a8400075870 (v.4) | ||
| 020 | _a840007727X (v.5) | ||
| 040 |
_aDO-SdBNP _bspa _cBNPHU |
||
| 082 |
_a500 _bC569n |
||
| 245 | 0 | 0 |
_aCiencias de la naturaleza en al-andaluz : _btextos y estudios / _ceditado por Camilo Álvarez de Morales, E. García Sánchez. |
| 260 |
_aGranada : _bConsejo Superior de Investigaciónes Científicas, Escuela de Estudios Árabes, _c1996. |
||
| 300 |
_av. p. : _bil. ; _c24 cm. |
||
| 504 | _aIncluye referencias bibliográficas y notas al pie de las páginas | ||
| 505 | 0 |
_gv. 1-5 _tTextos y estudios -- |
|
| 650 | 4 |
_aCiencias naturales _xEnseñanza _925754 |
|
| 650 | 4 |
_aCiencia _xHistoria _zAndalucía (España{Rpara} _967512 |
|
| 700 | 1 |
_aÁlvarez de Morales, Camilo _eed. _967513 |
|
| 700 | 1 |
_aGarcía Sánchez, E. _eed. _967514 |
|
| 942 |
_2ddc _cLBS1 |
||
| 999 |
_c40521 _d40521 |
||